Kayoux (quizz pierres) - Statistiques

Statistiques générales
  • Ce quiz a été pris 7 fois
  • Le résultat moyen est 3 sur 16
Statistiques - réponses
Par images Réponse % Correct
Amethyste
83%
Rubis
50%
Lapis Lazuli
33%
Opale
33%
Pyrite
33%
Malachite
17%
Amétrine (Bolivianite)
0%
Aventurine
0%
Citrine
0%
Crocoite
0%
Fluorine
0%
Gypse
0%
Hématite
0%
Howlite
0%
Tourmaline
0%
Turquoise
0%
Aucun quiz correspondant
Distribution des résultats
% des personnes avec chaque résultat
Percentile par nombre de réponses
Votre historique - résultats
Vous n’avez pas pris ce quiz